Fr. Conceicao Rodrigues College of Engineering

Principles of electrical engineering and electronics (Record no. 23174)

MARC details
000 -LEADER
fixed length control field 00369nam a2200157Ia 4500
082 ## - DEWEY DECIMAL CLASSIFICATION NUMBER
Classification number 621.3/MEH
Item number MEH
100 ## - MAIN ENTRY--PERSONAL NAME
Personal name Mehta/V.K/ Mehta/Rohit
245 ## - TITLE STATEMENT
Title Principles of electrical engineering and electronics
260 ## - PUBLICATION, DISTRIBUTION, ETC.
Name of publisher, distributor, etc. S.Chand & C0
Date of publication, distribution, etc. 1996
366 ## - TRADE AVAILABILITY INFORMATION
Publishers's discount category 20
300 ## - PHYSICAL DESCRIPTION
Extent 894
546 ## - LANGUAGE NOTE
Language note ENGLISH
650 ## - SUBJECT ADDED ENTRY--TOPICAL TERM
Topical term or geographic name entry element Electrical Engineering
942 ## - ADDED ENTRY ELEMENTS (KOHA)
Koha item type BOOK
Holdings
Withdrawn status Lost status Damaged status Not for loan Collection Home library Current library Date acquired Source of acquisition Cost, normal purchase price Inventory number Total Checkouts Full call number Barcode Date last seen Cost, replacement price Price effective from Koha item type
        CRC Fr. Agnel's C.Rodrigues College of Engineering Fr. Agnel's C.Rodrigues College of Engineering 17/03/2023 Dharma Enterprises 360.00 298 dt 28/04/2009   621.3/MEH MEH 19631 17/03/2023 450.00   BOOK